Riadiace systémy CNC strojov a ich programovanie = CNC machines control systems and their programming : Bakalárska práca

Salvato in:
Dettagli Bibliografici
Autore principale: Ostrolucký, Lukáš, 1986- (Autore)
Altri autori: Pokorný, Peter, 1976- (xxx)
Natura: Manoscritto Libro
Lingua:slovacco
Pubblicazione: Trnava : STU v Bratislave MTF UVTE KOM, 2008
Soggetti:
CNC
Tags: Aggiungi Tag
Nessun Tag, puoi essere il primo ad aggiungerne!!

MARC

LEADER 00000ntm a22000003a 4500
001 stu171363
005 20160719155955.4
008 081003s2008----xo------------------slo-d
040 |a STU  |b slo 
041 0 |a slo 
044 |a xo 
100 1 |a Ostrolucký, Lukáš,  |d 1986-  |4 aut  |X 24664  |7 A000024664 
245 1 |a Riadiace systémy CNC strojov a ich programovanie = CNC machines control systems and their programming :  |b Bakalárska práca 
260 |a Trnava :  |b STU v Bratislave MTF UVTE KOM,  |c 2008 
300 |a 61 s  |c 1 CD-ROM 
500 |a Študijný odbor: 5.2.51 výrobné technológie 
500 |a Študijný program: počítačová podpora výrobných technológií 
650 7 |a CNC  |2 stusub 
700 1 |a Pokorný, Peter,  |d 1976-  |4 xxx  |u M3000  |U MTF Materiálovotechnologická fakulta  |T MTF Ústav výrobných technológií  |X 2771  |U M3000  |Y 83  |7 A000002771 
996 |b 284M068678  |c M*BP-3329  |l MMSKP  |s P  |a 0  |w stu171363_0001